|
|
|
|
| LEADER |
00000nab a2200000 a 4500 |
| 001 |
vtls000827125 |
| 003 |
SK-MaSNL |
| 005 |
20260302162309.0 |
| 008 |
160314c2003 xo 0 slo |
| 015 |
|
|
|a SNBRB2003/03-06509
|
| 035 |
|
|
|a CLN000178780
|
| 040 |
|
|
|a SNKBUCL
|b slo
|c SNKBUCL
|e AACR2
|
| 041 |
0 |
|
|a slo
|
| 044 |
|
|
|a xo
|c SK
|
| 080 |
|
|
|a 82.09:885.4-3(087.5)(048)
|2 UDC-MRF-SK2
|
| 080 |
|
|
|a 885.4-3(087.5)(048)
|2 UDC-MRF-SK2
|
| 100 |
1 |
|
|a Gabríková, Adela
|4 aut
|9 336931
|
| 245 |
1 |
0 |
|a Závažné myšlienky naturizmu
|c Adela Gabríková
|
| 650 |
0 |
7 |
|a prózy spoločenské slovenské
|x recenzie
|2 snkbucl
|9 841472
|
| 773 |
0 |
|
|x 1210-1982
|t Knižná revue
|g Roč. 13, č. 2 (2003), s. 5
|
| 787 |
0 |
8 |
|i Rec.:
|a Ondrejov, Ľudo, 1901-1962
|t Tátoš a človek
|d Bratislava : Vydavateľstvo Spolku slovenských spisovateľov, 2002
|
| 850 |
|
|
|a Slovenská národná knižnica v Martine
|
| 852 |
|
|
|a SNK
|b KIS3GCP
|
| 958 |
|
|
|a LX
|
| 958 |
|
|
|a SK
|
| 958 |
|
|
|a RC
|
| 958 |
|
|
|a RBX
|
| 999 |
|
|
|c 1379751
|d 1381681
|